Les vols directs entre Paris et les capitales du monde - Statistiques

Statistiques générales
  • Ce quiz a été pris 196 fois
  • Le résultat moyen est 46 sur 76
Statistiques - réponses
Temps de vol moyen Indice Capitale % Correct
0h49 B Bruxelles
98%
1h22 L Londres
97%
0h51 L Luxembourg
97%
1h36 B Berlin
96%
2h34 L Lisbonne
95%
2h12 M Madrid
93%
1h21 A Amsterdam
92%
2h02 R Rome
91%
1h52 D Dublin
87%
2h21 A Alger
84%
2h01 V Vienne
84%
2h01 Z Zagreb
84%
4h27 M Moscou
83%
8h34 W Washington
83%
2h11 B Budapest
81%
1h52 C Copenhague
81%
2h11 V Varsovie
80%
2h49 B Bucarest
79%
2h27 O Oslo
79%
2h33 T Tunis
79%
2h47 R Rabat
78%
13h23 T Tokyo
78%
3h09 A Athènes
77%
2h33 S Stockholm
77%
1h34 P Prague
76%
4h22 L Le Caire
72%
12h06 M Mexico
72%
3h36 A Ankara
71%
3h32 H Helsinki
71%
14h16 B Buenos Aires
68%
2h36 R Riga
66%
2h42 S Sofia
66%
2h36 V Vilnius
66%
5h47 D Dakar
65%
11h37 S Séoul
65%
3h27 T Tallin
64%
8h41 D Delhi
63%
1h41 L Ljubljana
62%
2h17 B Belgrade
61%
4h41 J Jérusalem
59%
3h33 R Reykjavik
59%
13h16 L Lima
58%
10h47 B Bogota
57%
2h35 L La Valette
57%
14h59 S Santiago
53%
11h37 B Bangkok
52%
4h29 B Beyrouth
52%
6h41 D Doha
52%
10h09 L La Havane
51%
12h56 S Singapour
51%
2h38 T Tirana
51%
6h18 R Riyad
50%
7h38 K Kinshasa
47%
7h03 A Abou Dabi
46%
4h36 E Erevan
46%
8h34 N Nairobi
46%
14h36 L Le Cap
45%
12h38 H Hanoï
44%
7h41 Y Yaoundé
44%
10h56 P Panama
43%
2h50 C Chisinau
42%
7h43 B Brazzaville
41%
2h22 P Podgorica
39%
4h42 T Tbilissi
39%
9h39 P Port-au-Prince
36%
4h43 A Amman
35%
7h14 L Libreville
33%
12h42 T Taipei
33%
11h15 S San José
31%
7h26 A Addis Abeba
29%
10h21 D Djibouti
28%
7h31 M Mascate
28%
11h19 S Saint-Domingue
26%
12h02 K Kigali
24%
6h03 P Praia
23%
11h33 T Tananarive
17%
Aucun quiz correspondant
Distribution des résultats
% des personnes avec chaque résultat
Percentile par nombre de réponses
Votre historique - résultats
Vous n’avez pas pris ce quiz